000 00367nam a2200145Ia 4500
005 20251222144815.0
008 251222s9999||||xx |||||||||||||| ||spa||
020 _a1886938393
082 _a330.9/T48
100 _aThorp, Rosemary
245 0 _aProgreso, Pobreza y Exclusión:
250 _a1ra. ed.
264 _bBanco Interamericano de Desarrollo
942 _cLIB
999 _c20257
_d20257